Statistiken für Pokémon - 3. Generation - Deutsch

Klicken Sie hier um das Quiz zu spielen!

Allgemein

  • Dieses Quiz wurde 7.110 mal gespielt
    (7.107 seit der letzten Aktualisierung)
  • Das Durchschnittsergebnis liegt bei 85 aus 135

Antwortstatistiken

Antwort% Korrekt
Flemmli
97%
Hydropi
95%
Gewaldro
93%
Lohgock
93%
Sumpex
93%
Groudon
92%
Reptain
92%
Geckarbor
91%
Jungglut
91%
Kyogre
91%
Rayquaza
89%
Schwalbini
82%
Schwalboss
82%
Deoxys
80%
Fiffyen
80%
Magnayen
80%
Waumpel
80%
Regice
79%
Regirock
79%
Registeel
79%
Brutalanda
78%
Moorabbel
78%
Papinella
78%
Pudox
77%
Jirachi
76%
Kindwurm
76%
Latias
76%
Latios
76%
Zigzachs
76%
Schaloko
74%
Draschel
73%
Geradaks
73%
Metagross
72%
Trasla
72%
Voltenso
71%
Wingull
71%
Kirlia
70%
Metang
70%
Panekon
70%
Guardevoir
69%
Loturzel
69%
Pelipper
69%
Tanhel
69%
Wailord
69%
Camerupt
68%
Letarking
68%
Libelldra
68%
Wailmer
68%
Altaria
67%
Bummelz
67%
Camaub
67%
Makuhita
67%
Samurzel
67%
Tengulist
67%
Blanas
66%
Kappalores
66%
Minun
66%
Plusle
66%
Stollunior
66%
Wablu
66%
Knacklion
65%
Lunastein
65%
Muntier
65%
Sonnfel
65%
Stollrak
65%
Tohaido
65%
Hariyama
64%
Stolloss
64%
Vibrava
64%
Lombrero
63%
Milotic
63%
Barschwa
62%
Frizelbliz
62%
Qurtel
62%
Tropius
62%
Flurmel
61%
Kapilz
61%
Knilz
61%
Krawumms
61%
Banette
60%
Nasgnet
60%
Walraisa
59%
Zwirrklop
59%
Seemops
58%
Zwirrlicht
58%
Perlu
57%
Sengo
57%
Shuppet
57%
Vipitis
57%
Zobiris
56%
Absol
55%
Krakeelo
55%
Seejong
55%
Armaldo
54%
Kanivanha
54%
Ninjask
54%
Relicanth
54%
Firnontor
53%
Liliep
53%
Nincada
53%
Ninjatom
53%
Pandir
53%
Tuska
53%
Wielie
53%
Meditie
52%
Schneppke
52%
Meditalis
51%
Noktuska
51%
Aalabyss
50%
Anorith
50%
Lepumentas
50%
Flunkifer
49%
Saganabyss
49%
Puppance
48%
Roselia
48%
Eneco
47%
Formeo
47%
Kecleon
47%
Enekoro
46%
Maskeregen
46%
Volbeat
46%
Liebiskus
45%
Welsar
45%
Illumise
44%
Schmerbe
44%
Gehweiher
43%
Azurill
42%
Isso
40%
Palimpalim
40%
Schluppuck
40%
Krebutack
39%
Spoink
39%
Groink
38%
Krebscorps
38%
Schlukwech
38%

Verteilung der Resultate

Perzentil nach korrekt beantworteten Fragen

Anzahl Personen mit jedem Resultat

Ihre Resultats-Entwicklung

Sie haben dieses Quiz seit der letzten Aktualisierung nicht gespielt